01354nam a22002657a 450000500170000000700150001700800410003202000180007303500100009104000090010109000170011010000250012724501010015225600240025326000460027730000280032350002760035150601600062765000540078774000380084185600860087994200080096595200960097399900190106920240305165559.0cr|||| |||| 210225s2019 us |||||s|||| 00||0 eng d a9781641054584 a31249 avLex c11273d112731 aTsacoumis, Stephanie10aWhat Must Public Companies Disclose?h[Recurso electrónico] :bA Primer /cStephanie Tsacoumis aServicio en línea aChicago:bAmerican Bar Association,c2019 a1 recurso electrónico aWhat Must Public Companies Disclose? A Primer is a primer on the disclosure requirements applicable to public companies and their executive officers and directors. The book's audience includes non-securities lawyers, accountants and public company directors and officers.1 aDisponible solo en los productos indicadosdvLex GlobaldvLex Global (Academic Edition, excluding Law Schools)dvLex Global (Academic Edition, Law Schools)04aDerecho Mercantil y de la EmpresazEstados Unidos0 avLex Libros (Servicio en línea)40uhttps://app.vlex.com/#/sources/what-must-public-companies-disclose-a-primer-31249 cRAA 001040708VLEX9327463aBD-UINbBD-UINd2024-03-05l0p31249r2024-03-05w2024-03-05yRAA c169509d169509